| 000 | 01272nam a2200313 i 4500 | ||
|---|---|---|---|
| 001 | bg | ||
| 003 | KOSZ 005 | ||
| 005 | 20230802123326.0 | ||
| 008 | 080421s1961 pl a f 000 0 pol | ||
| 015 | _aPB 1961/2031 | ||
| 040 |
_aWA N _cKOSZ 005/RW _dKOSZ 005/RW |
||
| 041 | 1 |
_apol _heng |
|
| 080 | _a53:11/12 | ||
| 100 | 1 |
_aBohm, David _d(1917-1992) _eAutor |
|
| 245 | 1 | 0 |
_aPrzyczynowość i przypadek w fizyce współczesnej / _cDawid Bohm ; tł. z ang. Stanisław Rouppert ; [słowo wstępne W. Krajewski ; przedm. L. Broglie]. |
| 246 | 1 |
_iTyt. oryg.: _aCausality and chance in modern physics. |
|
| 260 |
_aWarszawa : _b"Książka i Wiedza", _c1961. |
||
| 300 |
_a286, [2] s. : _bil., err. ; _c20 cm. |
||
| 380 | _aKsiążki. | ||
| 650 | 4 |
_aFizyka _xfilozofia. |
|
| 650 | 4 | _aPrzyczynowość | |
| 650 | 4 | _aFilozofia przyrody | |
| 700 | 1 |
_aKrajewski, Władysław _d(1919-2006). _ePrzedm. |
|
| 700 | 1 |
_aBroglie, Louis de _d(1892-1987). _ePrzedm. |
|
| 700 | 1 |
_aRouppert, Stanisław _d(1912-1966). _eTł. |
|
| 710 | 2 |
_aSpółdzielnia Wydawniczo-Handlowa "Książka i Wiedza" _4pbl. |
|
| 856 |
_uhttp://koha.tu.koszalin.pl/cgi-bin/koha/opac-detail.pl?biblionumber=8192 _yKatalog online BPK |
||
| 942 |
_2UKD _cKS |
||
| 999 |
_c8192 _d8192 |
||